| 000 | 00994nam a22002297a 4500 | ||
|---|---|---|---|
| 999 |
_c22364 _d22364 |
||
| 003 | AR-CdUCM | ||
| 008 | 190425b ||||| |||| 00| 0 spa d | ||
| 040 |
_aMUNICIPALIDAD PROVINCIAL DEL CUSCO _cBIBLIOTECA MUNICIPAL DEL CUSCO |
||
| 082 | _aOropesa/N°115/2021 | ||
| 245 |
_aOropesa : _brevista de cultura y educación de opinión y crítica / _cAmérico Valer Vargas, Director |
||
| 260 |
_aCusco. _bPantigozo, _c2021. |
||
| 300 |
_a18 páginas. : _bilustraciones ; _c30 cm. |
||
| 440 |
_aOropesa. _nAño XXIX, N°115, febrero 2021. _947938 |
||
| 505 | _aContenido: Machismo y feminismo en el Perú urbano del 2019. -- Historia de un maestro Javier Neves Mujica. -- 26 de enero día mundial de la educación ambiental. -- Difusión del quechua cusqueño ... | ||
| 650 |
_aPolítica cusqueña _947381 |
||
| 650 |
_aCultura andina _947570 |
||
| 650 |
_aSociedad cusqueña _947493 |
||
| 650 |
_aSiglo XXI _947937 |
||
| 700 |
_aValer Vargas, Américo _947562 |
||
| 942 |
_2ddc _cPP |
||
| 945 | _arac | ||